000 00616nam a2200169Ia 4500
003 LK-CoDNM
008 010623t2012 xxu||||| |||| 00| 1 sin d
040 _aLK-CoDNM
_dLK-CoDNM
_eLK-CoDNM
041 _asin
080 _a32
_bJAY
100 _aJayaseena,Padmasiri
245 _aඅන්ත්‍රජාතික දේශපාලනයේ හැසිරිමක් : විවේචනාාත්මක විග්‍ර‍හයක්
246 _aAntharjathika Deshapalanaye Hasireema : Viwechanathmaka Viggrahayak
260 _bOtazawa Foundation
_aJapan
_c2012
300 _b199, 21 cm
942 _cBK
999 _c132113
_d132113